Public education in the Hungarian People's Republic. (Record no. 84747)
[ view plain ]
| 000 -LEADER | |
|---|---|
| fixed length control field | 00618cam7a220020500 4500 |
| 001 - CONTROL NUMBER | |
| control field | tmp15484056 |
| 003 - CONTROL NUMBER IDENTIFIER | |
| control field | UPRA |
| 005 - DATE AND TIME OF LATEST TRANSACTION | |
| control field | 20190816095657.0 |
| 008 - FIXED-LENGTH DATA ELEMENTS--GENERAL INFORMATION | |
| fixed length control field | 950825s1966 hu eng u |
| 035 ## - SYSTEM CONTROL NUMBER | |
| System control number | (Sirsi) r81957 |
| 035 ## - SYSTEM CONTROL NUMBER | |
| System control number | (UPRA)tmp15484056 |
| 040 ## - CATALOGING SOURCE | |
| Transcribing agency | UPRA |
| 245 00 - TITLE STATEMENT | |
| Title | Public education in the Hungarian People's Republic. |
| 260 ## - PUBLICATION, DISTRIBUTION, ETC. | |
| Place of publication, distribution, etc. | [Budapest, |
| Date of publication, distribution, etc. | 1966] |
| 650 #0 - SUBJECT ADDED ENTRY--TOPICAL TERM | |
| Topical term or geographic name entry element | Education -- Hungary. |
| Geographic subdivision | Education -- Hungary. |
| Linkage | S33131.1 |
| 700 1# - ADDED ENTRY--PERSONAL NAME | |
| Personal name | Buti, Erno. |
| Linkage | A41759.1 |
| 949 ## - LOCAL PROCESSING INFORMATION (OCLC) | |
| a | LA681.827 |
| w | lcc |
| i | -113631 |
| m | MAIN |
| t | BOOK |
| l | ON-SHELF |
| 949 ## - LOCAL PROCESSING INFORMATION (OCLC) | |
| a | LA681.827 |
| w | lcc |
| i | -113632 |
| m | MAIN |
| t | BOOK |
| l | ON-SHELF |
No items available.